| 000 | 01008cam a2200241 4500 | ||
|---|---|---|---|
| 001 | ABS62630 | ||
| 008 | 000000n2000 000 0 eng u | ||
| 035 | _a(Sirsi) u107483 | ||
| 100 | _aEdwards, M. | ||
| 245 | _aGrounds of opposition | ||
| 260 | _c2000 | ||
| 490 |
_aEstates Gazette _v(0027) 8 July 2000, 143(1) |
||
| 520 | _aLooks at the recent decision in "Gatwick Parking Services Ltd v Sargent" where the appellant landlord was the freehold owner of 3 acres of land near Gatwick Airport. The tenant, G had occupied the land since the early 1980s and operated an off-site car parking service. Highlights the interrelationship of planning law and the Landlord and Tenant Act 1954 Part II. | ||
| 590 | _aABS | ||
| 650 | _aGATWICK PARKING SERVICES LTD V SARGENT | ||
| 650 | _aPLANNING LAW | ||
| 650 | _aLANDLORD AND TENANT ACT 1954 PART II | ||
| 650 | _aPLANNING PERMISSION | ||
| 650 | _aCAR PARKS | ||
| 690 | _aLANDLORD AND TENANT-BUSINESS TENANCIES | ||
| 700 | _aMartin, J. | ||
| 942 | _n0 | ||
| 999 |
_c64247 _d64247 |
||